Loading...
| Science - Other | 5 | 2 | 0 | 2 | 95 | 33 | 72.14 | 4 | 7 | 0.00 | 0.00 |
| Literature - European | 1 | 4 | 0 | 2 | 55 | 65 | 116.60 | 3 | 5 | 0.00 | 0.00 |
| Fine Arts - Visual | 2 | 3 | 2 | 1 | 50 | 62 | 94.80 | 3 | 5 | 0.00 | 0.00 |
| Literature - World | 0 | 4 | 0 | 0 | 40 | 102 | 111.75 | 2 | 4 | 0.00 | 0.00 |
| Philosophy | 1 | 2 | 0 | 0 | 35 | 79 | 95.33 | 1 | 3 | 0.00 | 0.00 |
| Science - Physics | 1 | 1 | 0 | 0 | 25 | 53 | 72.50 | 0 | 2 | 0.00 | 0.00 |
| Social Science | 1 | 1 | 1 | 0 | 20 | 71 | 91.50 | 0 | 2 | 0.00 | 0.00 |
| Literature - American | 0 | 2 | 0 | 0 | 20 | 114 | 122.00 | 0 | 2 | 0.00 | 0.00 |
| Literature - British | 1 | 1 | 1 | 0 | 20 | 47 | 81.50 | 1 | 2 | 0.00 | 0.00 |
| Religion | 0 | 2 | 0 | 0 | 20 | 121 | 134.50 | 0 | 2 | 0.00 | 0.00 |
| Current Events | 0 | 1 | 0 | 0 | 10 | 100 | 100.00 | 0 | 1 | 0.00 | 0.00 |
| Science - Chemistry | 0 | 1 | 0 | 0 | 10 | 104 | 104.00 | 0 | 1 | 0.00 | 0.00 |
| Fine Arts - Auditory | 0 | 1 | 0 | 1 | 10 | 142 | 142.00 | 0 | 1 | 0.00 | 0.00 |
| History - American | 0 | 1 | 0 | 1 | 10 | 102 | 102.00 | 1 | 1 | 0.00 | 0.00 |
| Fine Arts - Other | 0 | 1 | 1 | 0 | 5 | 96 | 96.00 | 1 | 1 | 0.00 | 0.00 |